Teatro y democracia /
Bewaard in:
| Hoofdauteur: | |
|---|---|
| Formaat: | Onbekend |
| Taal: | Spanish |
| Onderwerpen: | |
| Tags: |
Voeg label toe
Geen labels, Wees de eerste die dit record labelt!
|
MARC
| LEADER | 000000000a22000000004500 | ||
|---|---|---|---|
| 001 | 009772 | ||
| 041 | 0 | |a spa | |
| 100 | 1 | |a Monleón, José | |
| 245 | 1 | 0 | |a Teatro y democracia / |c José Monleón. |
| 310 | |a mensual | ||
| 650 | 4 | |a MONLEON, JOSE | |
| 650 | 4 | |a ENTREVISTA | |
| 773 | 0 | |d Buenos Aires, Argentina : Complejo Teatral de Buenos Aires |t Letras: La Revista del Complejo Teatral de Buenos Aires |g volumen 26, número 82 (2005), páginas 66-78 | |
| 942 | |c ARC | ||
| 999 | |c 17079 |d 17079 | ||
